Aby už vzťahy neboleli

Saved in:
Bibliographic Details
Main Author Gibson, Lindsay
Format Electronic eBook
LanguageCzech
Published Grada SK 2025
Edition1. elektronické vydání
Subjects
Online AccessDostupné v BOOKPORT po přihlášení pomocí eduID
ISBN978-80-8305-055-6
978-80-8305-053-2
Physical Description1 online zdroj (296 stran)

Cover

LEADER 00000nam a2200000 i 4500
001 bkp100387
003 CZ-prgp
005 20250616085539.0
006 m o d
007 cr cn
008 250616s2025 xr o 000 0 cze
020 |a 978-80-8305-055-6  |c 393 Kč  |q (online ; epub) 
020 |a 978-80-8305-053-2  |c 462 Kč  |q (print) 
040 |a Grada  |b cze  |e rda 
100 1 |a Gibson, Lindsay 
245 1 0 |a Aby už vzťahy neboleli  |c Lindsay Gibson 
250 |a 1. elektronické vydání 
264 1 |b Grada SK  |c 2025 
300 |a 1 online zdroj (296 stran) 
336 |a text  |b txt  |2 rdacontent 
337 |a počítač  |b c  |2 rdamedia 
338 |a online zdroj  |b cr  |2 rdacarrier 
520 3 |a Poraďte si dospelo s emocionálne nezrelými ľuďmi, odpútajte sa od nich a žite podľa svojich predstáv 
650 0 4 |a Osobní rozvoj a poznání 
650 0 4 |a Komunikace 
650 0 4 |a Sebepoznání 
650 0 4 |a Uvědomělý život 
650 0 4 |a Šťastný život 
650 0 4 |a Sebedůvěra a emoce 
650 0 4 |a Vztahy, láska, rodina 
856 4 0 |u https://www.bookport.cz/AccountSaml/SignIn/?idp=https://shibboleth.utb.cz/idp/shibboleth&returnUrl=/kniha/aby-uz-vztahy-neboleli-14905/  |y Dostupné v BOOKPORT po přihlášení pomocí eduID